| 000 | 01154nam a22003490a 4500 | ||
|---|---|---|---|
| 001 | PT7888 | ||
| 003 | AR-LpoUNG | ||
| 005 | 20210131232243.0 | ||
| 008 | 191001s2001||||ag |||||||||||||||||spa d | ||
| 020 |
_a9500422751 _c$9.70 |
||
| 040 |
_aAR-LpoUNG _bspa _cAR-LpoUNG _eaacr |
||
| 041 | _aspa | ||
| 044 | _aag | ||
| 082 | 0 | _aR300.3 615dic | |
| 100 | 1 | _aDi Tella, Torcuato | |
| 245 | 1 | 0 | _aDiccionario de ciencias sociales y políticas |
| 250 | _a1ra. ed. | ||
| 260 |
_aBuenos Aires : _bEmecé, _c2001. |
||
| 300 |
_a777 p. : _bil., fot. |
||
| 520 | _a<p>Este diccionario contiene unos quinientos conceptos básicos de sociología, política y economía, así como su interrelación con nociones de historia, derecho, antropología, relaciones internacionales, estudios de género, teoría del discurso y otras disciplinas.</p> | ||
| 650 | 4 | _aCIENCIAS SOCIALES | |
| 650 | 4 | _aDOCUMENTOS PRIMARIOS | |
| 650 | 4 | _aGLOSARIOS | |
| 650 | 4 | _aMATERIAL DE REFERENCIA | |
| 650 | 4 | _aSOCIOLOGIA | |
| 650 | 4 | _aTERMINOLOGIA | |
| 700 | 1 | _aChumbita, Hugo | |
| 700 | 1 | _aGajardo, Paz | |
| 700 | 1 | _aGamba, Susana | |
| 905 | _a7888 | ||
| 942 | _cLSALA | ||
| 999 |
_c14547 _d14547 |
||